El pensamiento nacionalista en los Estados Unidos
Guardat en:
| Autor principal: | |
|---|---|
| Format: | Llibre |
| Idioma: | espanyol |
| Publicat: |
Buenos Aires
Troquel
1966
|
| Matèries: | |
| Etiquetes: |
Afegir etiqueta
Sense etiquetes, Sigues el primer a etiquetar aquest registre!
|
MARC
| LEADER | 00000nam a2200000 a 4500 | ||
|---|---|---|---|
| 001 | UCR4657 | ||
| 003 | CL-VaPUC | ||
| 008 | 980313e19660000AG |||||||||||||||||spa|d | ||
| 082 | 0 | 4 | |a 320.54 |b KOH |2 21 |
| 100 | |a Kohn, Hans |e author |9 586314 | ||
| 245 | 1 | 3 | |a El pensamiento nacionalista en los Estados Unidos |
| 300 | |a 250 p | ||
| 942 | |c BK | ||
| 945 | |d 19980313 00:00:00 |a aolguin | ||
| 260 | |a Buenos Aires |b Troquel |c 1966 | ||
| 650 | 7 | |a NACIONALISMO |2 CL-VaPUC |9 405117 | |
| 650 | 0 | |a República |9 310048 | |
| 650 | 7 | |a FILOSOFIA POLITICA |2 CL-VaPUC |9 405118 | |
| 651 | 0 | |a Estados Unidos |9 255178 | |
| 583 | |a last modification |c 20160913 03:39:15 |k Rodrigo Vera | ||
| 999 | |c 267557 |d 267555 | ||
| 952 | |0 0 |1 0 |4 0 |6 320_540000000000000_KOH_1966 |7 0 |8 A |9 299950 |a BIBDER |b BIBDER |d 2019-11-20 |i 1961136 |l 1 |o 320.54 KOH 1966 |p 1961136 |r 2024-10-07 |s 2024-10-03 |w 2019-11-20 |y BK |k DER | ||